Score 0/26 Timer 02:00
7 Plays Today
Movie Word % Correct
The _____ of HappynessPursuit
97.2%
My _____ Ex-Girlfriend Super
95.8%
It's a Wonderful _____Life
94%
_____ Christmases Four
92%
_____ TrekStar
91.8%
King _____Kong
91.8%
_____ Poets SocietyDead
91.3%
_____ Destination Final
91.1%
The _____ Before TimeLand
90.5%
The _____ Is Not EnoughWorld
90%
_____ TorinoGran
89.4%
The _____ Dead Evil
87.2%
Save the Last _____Dance
87.1%
Movie Word % Correct
_____ of the WorldsWar
86.1%
Full _____ Jacket Metal
85.4%
The _____ for Red OctoberHunt
85.3%
I Am _____Legend
83.3%
Prizzi's _____ Honor
81.4%
Man on the _____Moon
78.6%
The Great _____ Detective Mouse
78.3%
Wall _____ Street
74.8%
_____ BakedHalf
74.3%
Space _____Jam
65.7%
_____-Drunk Love Punch
65.3%
Enter the _____Dragon
56.6%
_____ in Atlantis Hearts
37.9%

Today's Daily Dose

Missing Word
'T' Pairs

Word Ladder
Game Pieces

Get the Picture
Baseball Movies

Remove Ads.
Support Sporcle.
Get the best of Sporcle when you Go Orange. This ad-free experience offers more features, more stats, and more fun while also helping to support Sporcle. Thank you for becoming a member.

You're not logged in!

Compare scores with friends on all Sporcle quizzes.
OR
Log In

Show Comments

Extras

Top Quizzes Today


Score Distribution

Your Account Isn't Verified!

In order to create a playlist on Sporcle, you need to verify the email address you used during registration. Go to your Sporcle Settings to finish the process.

Report this User

Report this user for behavior that violates our Community Guidelines.

Details: